Complétez les paroles de Saez - Statistiques

Statistiques générales
  • Ce quiz a été pris 142 fois
  • Le résultat moyen est 6 sur 12
Statistiques - réponses
Paroles Mots manquants % Correct
Jeunes et cons Puisqu'on est jeune et con, puisqu'ils sont vieux et fous, puisque des hommes {crèvent} {sous} {les} {ponts} mais ce monde s'en fout
80%
Pilule Je me lève et je prends {des} {pilules} {pour} {dormir}, je prends le métro dans la meute je rêve de partir dans des pays où il fait chaud à l'autre bout du monde
67%
Mon Européenne Tu sais, moi, mon Européenne elle a pas vraiment de frontières,son corps, c'est {la} {planète} {entière}, n'en déplaise au peuple bourgeois
64%
J'accuse Faut marcher dans les clous,faut pas {boire} {au} {volant}, faut dépenser les p'tits sous, faut du réseau pour les enfants, faut ressembler à des guignols
62%
J'veux qu'on baise sur ma tombe J'aurais aimé t'écrire le plus beau des poèmes et construire un empire juste {pour} {ton} {sourire}, devenir le soleil pour sécher tes sanglots et faire battre le ciel pour un futur plus beau
46%
Marguerite Quand j'ai vu Marguerite, j'me suis dis quel prénom étrange, puis c'est {pas} {vraiment} {la} {saison} à faire l'amour dans les champs, moi mon coeur est chrysanthème et mon âme est triste
42%
Jeunesse, lève-toi Comme un éclat de rire vient {consoler} {tristesse}, comme un souffle a venir vient raviver les braises, comme un parfum de souffre qui fait naitre la flamme
41%
Les Enfants Paradis Ils étaient des sourires, ils étaient des sanglots, ils étaient de ces rires que font {les} {chants} {d}'{oiseaux}, ils étaient des matins quand on va bord de mer
40%
Putains vous m'aurez plus Elle avait les yeux noirs desquels on {voit} {du} {bleu} qu'on prend pour l'océan, dans lesquels on voit Dieu, qui font toucher du bout des doigts les horizons
36%
Des p'tits sous Des petits neurones dans les cerveaux qui disparaissent de jours en jours dans les petits bois les {petits} {discours} des petits rois dans les basses-cours
30%
Fils de France Nous sommes, nous sommes la nation des droits de l'homme, nous sommes, nous sommes la nation de {la} {tolérance}, nous sommes, nous sommes la nation des Lumières
24%
Cigarette Y'a une époque on avait feu des idées, y'a une époque on osait liberté, aujourd'hui on ose plus que {sauver} {son} {cul} en marchant sur celui d'à côté.
24%
Aucun quiz correspondant
Distribution des résultats
% des personnes avec chaque résultat
Percentile par nombre de réponses
Votre historique - résultats
Vous n’avez pas pris ce quiz